000 00604nam a2200217Ii 4500
003 JO-AjNU
008 230606s9999||||xx |||||||||||||| ||und||
020 _a978-81-256-3322-0
040 _aJO-AjNU
_beng
_erda
_cJO-AjNU
041 _aeng
050 1 4 _aTH146.B82.2012
100 3 _aBryan ,Tony,
_eauthor
_94981
245 0 0 _aConstrucation Technology Analysis and Choice
250 _a2 ed
264 3 1 _aJohn wily,2007
300 _a452P
336 _atext
_btxt
_2rdacontent
337 _aunmediated
_bn
_2rdamedia
338 _avolume
_bnc
_2rdacarrier
650 4 _aConstrucation Technology
_94982
999 _aE2576
_c2574
_d2574